|
|
|
|
| LEADER |
01907nam a2200457Ia 4500 |
| 001 |
EBC3407622 |
| 003 |
MiAaPQ |
| 005 |
20200520144314.0 |
| 006 |
m o d | |
| 007 |
cr cn||||||||| |
| 008 |
050302s2006 nyub sb s001 0 eng d |
| 010 |
|
|
|z 2005006025
|
| 020 |
|
|
|z 0791466310
|
| 020 |
|
|
|z 0791466329 (pbk.)
|
| 020 |
|
|
|z 9780791466315
|
| 020 |
|
|
|z 9780791466322 (pbk.)
|
| 020 |
|
|
|z 9780791482391
|
| 035 |
|
|
|a (MiAaPQ)EBC3407622
|
| 035 |
|
|
|a (Au-PeEL)EBL3407622
|
| 035 |
|
|
|a (CaPaEBR)ebr10579045
|
| 035 |
|
|
|a (OCoLC)923407155
|
| 040 |
|
|
|a MiAaPQ
|c MiAaPQ
|d MiAaPQ
|
| 050 |
|
4 |
|a HD9567.A4
|b S72 2006
|
| 082 |
0 |
4 |
|a 338.2/7282/0973
|2 22
|
| 100 |
1 |
|
|a Standlea, David M.,
|d 1956-
|
| 245 |
1 |
0 |
|a Oil, globalization, and the war for the Arctic refuge
|h [electronic resource] /
|c David M. Standlea.
|
| 260 |
|
|
|a Albany :
|b State University of New York Press,
|c c2006.
|
| 300 |
|
|
|a xviii, 209 p. :
|b maps.
|
| 504 |
|
|
|a Includes bibliographical references (p. 159-193) and index.
|
| 533 |
|
|
|a Electronic reproduction. Ann Arbor, MI : ProQuest, 2015. Available via World Wide Web. Access may be limited to ProQuest affiliated libraries.
|
| 650 |
|
0 |
|a Petroleum industry and trade
|x Political aspects
|z United States.
|
| 650 |
|
0 |
|a Petroleum
|x Prospecting
|x Environmental aspects
|z Alaska
|z Arctic National Wildlife Refuge.
|
| 650 |
|
0 |
|a Oil well drilling
|x Environmental aspects
|z Alaska
|z Arctic National Wildlife Refuge.
|
| 650 |
|
0 |
|a Petroleum industry and trade
|x Military aspects
|z United States.
|
| 650 |
|
0 |
|a Corporate state
|z United States.
|
| 650 |
|
0 |
|a Energy policy
|z United States.
|
| 651 |
|
0 |
|a United States
|x Politics and government
|y 2001-2009.
|
| 651 |
|
0 |
|a United States
|x Foreign relations
|y 2001-2009.
|
| 655 |
|
4 |
|a Electronic books.
|
| 710 |
2 |
|
|a ProQuest (Firm)
|
| 856 |
4 |
0 |
|u https://ebookcentral.proquest.com/lib/matrademy/detail.action?docID=3407622
|z Click to View
|